<?xml version="1.0" encoding="UTF-8"?>
<marc:record xmlns:marc="http://www.loc.gov/MARC21/slim">
   <marc:leader>00000nam a2200000 a 4500</marc:leader>
   <marc:datafield ind1="1" ind2=" " tag="100">
      <marc:subfield code="a">Angele, Michael</marc:subfield>
      <marc:subfield code="4">aut</marc:subfield>
      <marc:subfield code="e">Verfasser/-in</marc:subfield>
   </marc:datafield>
   <marc:datafield ind1=" " ind2=" " tag="653">
      <marc:subfield code="a">Zeitung</marc:subfield>
   </marc:datafield>
   <marc:datafield ind1=" " ind2=" " tag="653">
      <marc:subfield code="a">Zeitungslektüre</marc:subfield>
   </marc:datafield>
   <marc:datafield ind1=" " ind2=" " tag="653">
      <marc:subfield code="a">Kultur</marc:subfield>
   </marc:datafield>
   <marc:datafield ind1=" " ind2=" " tag="653">
      <marc:subfield code="a">Softcover / Sachbücher/Politik</marc:subfield>
   </marc:datafield>
   <marc:datafield ind1=" " ind2=" " tag="653">
      <marc:subfield code="a">Gesellschaft</marc:subfield>
   </marc:datafield>
   <marc:datafield ind1=" " ind2=" " tag="653">
      <marc:subfield code="a">Wirtschaft</marc:subfield>
   </marc:datafield>
   <marc:datafield ind1=" " ind2=" " tag="653">
      <marc:subfield code="a">Zeitungsleser</marc:subfield>
   </marc:datafield>
   <marc:datafield ind1=" " ind2=" " tag="653">
      <marc:subfield code="a">Michael Angele</marc:subfield>
   </marc:datafield>
   <marc:datafield ind1=" " ind2=" " tag="653">
      <marc:subfield code="a">Essay</marc:subfield>
   </marc:datafield>
   <marc:datafield ind1=" " ind2=" " tag="653">
      <marc:subfield code="a">Mediengeschichte</marc:subfield>
   </marc:datafield>
   <marc:datafield ind1=" " ind2=" " tag="653">
      <marc:subfield code="a">Thomas Bernhard</marc:subfield>
   </marc:datafield>
   <marc:datafield ind1=" " ind2=" " tag="653">
      <marc:subfield code="a">Claus Peymann</marc:subfield>
   </marc:datafield>
   <marc:datafield ind1=" " ind2=" " tag="653">
      <marc:subfield code="a">letzte Zeitung</marc:subfield>
   </marc:datafield>
   <marc:datafield ind1="0" ind2="0" tag="245">
      <marc:subfield code="a">Der letzte Zeitungsleser</marc:subfield>
   </marc:datafield>
   <marc:datafield ind1="0" ind2="0" tag="245">
      <marc:subfield code="c">Michael Angele</marc:subfield>
   </marc:datafield>
   <marc:datafield ind1=" " ind2="1" tag="264">
      <marc:subfield code="a">Berlin</marc:subfield>
      <marc:subfield code="b">Galiani</marc:subfield>
      <marc:subfield code="c">2016</marc:subfield>
   </marc:datafield>
   <marc:datafield ind1=" " ind2=" " tag="250">
      <marc:subfield code="a">1. Auflage</marc:subfield>
   </marc:datafield>
   <marc:datafield ind1="1" ind2=" " tag="520">
      <marc:subfield code="a">Angaben aus der Verlagsmeldung

Der letzte Zeitungsleser / von Michael Angele

Eine herzbrechende Liebeserklärung an ein verschwindendes Medium
'Dahinter steckt immer ein kluger Kopf.' David Wagner zu Michael Angeles _Der letzte Zeitungsleser_
Zugegeben, nicht jeder Zeitungsleser ist so fanatisch wie Thomas Bernhard: Als er dringend einen Artikel in der NZZ lesen wollte, diese aber im heimischen Ohlsdorf nicht zu haben war, machte er sich auf nach Salzburg; aber da gab es die Zeitung auch nicht. Also ging es nach Bad Reichenhall, dann nach Bad Hall, dann nach Steyr und am Ende waren 350 Kilometer zurückgelegt auf der Suche nach dem Suchtstoff. Manchen geht es nicht unähnlich, wenn keine Zeitung zur Hand ist. Doch egal wie stark die Sucht gar nicht so weniger auch sein mag – die Vielfalt der deutschsprachigen Zeitungslandschaft, ja die Tageszeitung an sich, wird wohl nicht zu retten sein. Da geht etwas verloren.

Michael Angele (der u. a. Chefredakteur der ersten deutschen Internetzeitung war und alles andere als neuerungsfeindlich ist) lässt mit wehmutsvoll wachem Blick Revue passieren, was alles verschwindet: nicht nur eine Nachrichtendarreichungsform, nein – eine Kulturleistung, ja eine Lebensform.

Das fängt bei der Umgebung an, in der man seine Zeitung zu lesen pflegt, dem Ritual, welchen Teil wann. Und geht weiter bei der durch das Blatt in Gang gesetzten (oder verhinderten) Kommunikation am Frühstückstisch – manche Ehe wäre ohne Zeitung ganz anders verlaufen. Und wie soll sich das Gefühl kosmopolitischer Weltläufigkeit einstellen, wenn man in einer New Yorker Hotellobby am Handy Spiegel Online statt die New York Times liest?

Mit Herzblut geschrieben, mit Scharfsinn gefasst: Wenn einst das letzte Exemplar einer gedruckten Zeitung vergilbt und zerfallen sein wird, hat Michael Angele mit _Der letzte Zeitungsleser_ der Lebensform Zeitung schon längst ein Monument gesetzt.
</marc:subfield>
   </marc:datafield>
   <marc:datafield ind1=" " ind2=" " tag="020">
      <marc:subfield code="a">9783869711287</marc:subfield>
      <marc:subfield code="9">9783869711287</marc:subfield>
   </marc:datafield>
   <marc:datafield ind1=" " ind2=" " tag="020">
      <marc:subfield code="a">3869711280</marc:subfield>
      <marc:subfield code="9">3869711280</marc:subfield>
   </marc:datafield>
   <marc:datafield ind1=" " ind2=" " tag="041">
      <marc:subfield code="a">ger</marc:subfield>
   </marc:datafield>
   <marc:datafield ind1=" " ind2=" " tag="300">
      <marc:subfield code="a">153 Seiten</marc:subfield>
   </marc:datafield>
</marc:record>
